Historia de la instrucción primaria en la República Argentina 1810-1910 (Record no. 19510)
[ view plain ]
| 000 -LEADER | |
|---|---|
| fixed length control field | 00959cam a22002171 4500 |
| 001 - CONTROL NUMBER | |
| control field | e 13000994 |
| 003 - CONTROL NUMBER IDENTIFIER | |
| control field | DLC |
| 005 - DATE AND TIME OF LATEST TRANSACTION | |
| control field | 20260227111159.0 |
| 008 - FIXED-LENGTH DATA ELEMENTS--GENERAL INFORMATION | |
| fixed length control field | 761214s1910 ag ach 00110 spa |
| 010 ## - LIBRARY OF CONGRESS CONTROL NUMBER | |
| LC control number | e 13000994 //r913 |
| 040 ## - CATALOGING SOURCE | |
| Original cataloging agency | DLC |
| Transcribing agency | MChB |
| Modifying agency | DLC |
| 050 00 - LIBRARY OF CONGRESS CALL NUMBER | |
| Classification number | LA541 |
| Item number | .R3 |
| 100 10 - MAIN ENTRY--PERSONAL NAME | |
| Personal name | Ramos, Juan P. |
| Fuller form of name | (Juan Pedro), |
| Dates associated with a name | 1878-1959. |
| 245 00 - TITLE STATEMENT | |
| Title | Historia de la instrucción primaria en la República Argentina 1810-1910 |
| Remainder of title | (atlas escolar) |
| Statement of responsibility, etc. | proyectada por el presidente del Consejo nacional de educación, Dr. José María Ramos Mejía, comp. y redactada por Juan P. Ramos... |
| 260 0# - PUBLICATION, DISTRIBUTION, ETC. | |
| Place of publication, distribution, etc. | Buenos Aires, |
| Name of publisher, distributor, etc. | J. Peuser, |
| Date of publication, distribution, etc. | 1910. |
| 300 ## - PHYSICAL DESCRIPTION | |
| Extent | 2 v. |
| Other physical details | illus. (incl. ports.) facsims., fold. tab. |
| Dimensions | 28 cm. |
| 500 ## - GENERAL NOTE | |
| General note | At head of title: Consejo nacional de educación. Conmemoración del centenario de 1810. |
| 504 ## - BIBLIOGRAPHY, ETC. NOTE | |
| Bibliography, etc. note | "Bibliografia": vol. I, p. [613]-615. |
| 650 #0 - SUBJECT ADDED ENTRY--TOPICAL TERM | |
| Topical term or geographic name entry element | Education |
| Geographic subdivision | Argentina |
| General subdivision | History. |
| 710 20 - ADDED ENTRY--CORPORATE NAME | |
| Corporate name or jurisdiction name as entry element | Consejo Nacional de Educación (Argentina) |
No items available.